International accounting
Gespeichert in:
| 1. Verfasser: | |
|---|---|
| Format: | Buch |
| Sprache: | Englisch |
| Veröffentlicht: |
Redding
CT Publishing Company
1997
|
| Schlagworte: | |
| Tags: |
Keine Tags, Fügen Sie das erste Tag hinzu!
|
MARC
| LEADER | 00000nam a2200000 4500 | ||
|---|---|---|---|
| 001 | c101249 | ||
| 005 | 20221124074711.0 | ||
| 020 | |a 1-56226-368-4 | ||
| 041 | 0 | |a eng | |
| 044 | |a US | ||
| 245 | 1 | 0 | |a International accounting |c Rocco R. Vanasco |
| 264 | 1 | |a Redding |b CT Publishing Company |c 1997 | |
| 300 | |a 141 s. | ||
| 610 | 2 | 0 | |a účtovníctvo |
| 610 | 2 | 0 | |a systémy účtovné |
| 610 | 2 | 0 | |a metódy účtovné |
| 610 | 2 | 0 | |a právo medzinárodné |
| 610 | 2 | 0 | |a porovnanie medzinárodné |
| 100 | 1 | |a Vanasco, Rocco R. | |